Encuentro de Responsables de Centros Culturales Católicos del Cono Sur. Un detonante de esperanza cristiana en la sociedad del Cono Sur.

Guardat en:
Dades bibliogràfiques
Autor corporatiu: Pontificia Universidad Católica de Valparaíso (autor)
Format: Llibre
Idioma:espanyol
Publicat: Valparaíso, Chile: Pontificia Universidad Católica de Valparaíso; Fundación Isabel Caces de Brown, 2004.
Col·lecció:Documentos.
Matèries:
Etiquetes: Afegir etiqueta
Sense etiquetes, Sigues el primer a etiquetar aquest registre!

MARC

LEADER 00000cam a2200000 a 4500
001 UCK1337
003 CL-VaPUC
005 20220822114416.0
008 041112e20040000cl 1 spa d
999 |c 384095  |d 384093 
040 |c Pontificia Universidad Católica de Valparaíso 
082 0 4 |a 306.6 PON 2004  |2 21 
110 2 |a Pontificia Universidad Católica de Valparaíso  |e autor  |9 620658 
245 1 0 |a Encuentro de Responsables de Centros Culturales Católicos del Cono Sur.  |b Un detonante de esperanza cristiana en la sociedad del Cono Sur. 
260 |a Valparaíso, Chile:  |b Pontificia Universidad Católica de Valparaíso;  |b Fundación Isabel Caces de Brown,  |c 2004. 
300 |a 159 páginas.  
490 0 |a Documentos.  
500 |a c.16 Donación Familia Prof. Alejandro Guzmán Brito. 
518 |p Encuentro de Responsables de Centros Culturales Católicos del Cono Sur, Valparaíso, 17 al 19 de septiembre de 2003. 
583 |a last modification  |c 20190823 10:36:16  |k Rodrigo Vera 
650 0 0 |a Sociología de la religión   |9 337481 
650 0 0 |a Cambio social   |9 256857 
650 0 0 |a Problemas sociales  |9 258537 
650 0 0 |a Doctrina social de la iglesia  |z Chile  |9 257333 
942 |c BK  |2 ddc  |n 0 
945 |a cmena  |d 20041112 00:00:00 
952 |0 0  |1 0  |4 0  |6 306_600000000000000_PON_2004  |7 0  |8 A  |9 506549  |a BIBTEO  |b BIBTEO  |d 2020-01-23  |i 4074823  |o 306.6 PON 2004  |p 4074823  |r 2025-01-17  |w 2020-01-23  |y BK  |k ICR 
952 |0 0  |1 0  |4 0  |6 306_600000000000000_PON_2004  |7 0  |8 A  |9 506550  |a BIBDER  |b BIBDER  |d 2020-01-23  |i 4368126  |o 306.6 PON 2004  |p 4368126  |r 2023-01-25  |w 2020-01-23  |y BK  |k DER 
952 |0 0  |1 0  |4 0  |6 306_600000000000000_PON_2004  |7 0  |8 X  |9 506551  |a FDOBUD  |b FDOBUD  |d 2020-01-23  |i 4547438  |o 306.6 PON 2004  |p 4547438  |r 2020-01-23  |w 2020-01-23  |y BK_X  |k FHP 
952 |0 0  |1 0  |4 0  |6 306_600000000000000_PON_2004  |7 0  |8 P  |9 506552  |a BIBARQ  |b BIBARQ  |d 2020-01-23  |i 472416K  |o 306.6 PON 2004  |p 472416K  |r 2025-01-20  |w 2020-01-23  |y BK  |k ARQ 
952 |0 0  |1 0  |4 0  |6 306_600000000000000_PON_2004  |7 0  |8 P  |9 506553  |a BIBARQ  |b BIBARQ  |d 2020-01-23  |i 4724178  |o 306.6 PON 2004  |p 4724178  |r 2025-01-20  |w 2020-01-23  |y BK  |k ARQ 
952 |0 0  |1 0  |4 0  |6 306_600000000000000_PON_2004  |7 0  |8 P  |9 506554  |a BIBEDU  |b BIBEDU  |c BIBEDU_PB  |d 2020-01-23  |i 4740882  |o 306.6 PON 2004  |p 4740882  |r 2024-01-25  |w 2020-01-23  |y BK  |k BME 
952 |0 0  |1 0  |4 0  |6 306_600000000000000_PON_2004  |7 0  |8 P  |9 506555  |a BIBEDU  |b BIBEDU  |c BIBEDU_PB  |d 2020-01-23  |i 4740890  |o 306.6 PON 2004  |p 4740890  |r 2024-01-25  |w 2020-01-23  |y BK  |k BME 
952 |0 0  |1 0  |4 0  |6 306_600000000000000_PON_2004  |7 0  |8 A  |9 506556  |a BIBAGR  |b BIBAGR  |d 2020-01-23  |i 4815661  |o 306.6 PON 2004  |p 4815661  |r 2025-01-20  |w 2020-01-23  |y BK  |k AGR 
952 |0 0  |1 0  |4 0  |6 306_600000000000000_PON_2004  |7 0  |8 A  |9 506557  |a BIBAGR  |b BIBAGR  |d 2020-01-23  |i 481567K  |o 306.6 PON 2004  |p 481567K  |r 2025-01-20  |w 2020-01-23  |y BK  |k AGR 
952 |0 0  |1 0  |4 0  |6 306_600000000000000_PON_2004  |7 0  |8 A  |9 506558  |a BIBAGR  |b BIBAGR  |d 2020-01-23  |i 4815688  |o 306.6 PON 2004  |p 4815688  |r 2025-01-20  |w 2020-01-23  |y BK  |k AGR 
952 |0 0  |1 0  |4 0  |6 306_600000000000000_PON_2004  |7 0  |8 A  |9 506559  |a BIBAGR  |b BIBAGR  |d 2020-01-23  |i 4815696  |o 306.6 PON 2004  |p 4815696  |r 2025-01-20  |w 2020-01-23  |y BK  |k AGR 
952 |0 0  |1 0  |2 ddc  |4 0  |6 306_600000000000000_PON_2004  |7 1  |8 C_AGB  |9 580557  |a BIBDER  |b BIBDER  |d 2022-01-17  |e Donación   |i 5638771  |o 306.6 PON 2004  |p 5638771  |r 2023-01-25  |t 16  |w 2022-01-17  |y BK_US  |k AGB